000 00822nam a2200229Ia 4500
003 GCL
008 140319s9999 xx 000 0 ara d
040 _aGCL /
_cGCL
082 0 4 _a363.258
_bف ب
100 1 _aفؤاد عبدالمنعم احمد
245 1 0 _aالبصمة الوراثية ودورها فى الاثبات الجنائى بين الشريعة والقانون /
_cفؤاد عبدالمنعم احمد
250 _aالاولى
260 _aالقاهرة :
_bالمكتبة المصرية ،
_c2004
300 _a121 ص ؛
_c24 سم
650 0 4 _aالادلة الجنائية
650 0 4 _aتحقيق الشخصية
650 0 4 _aالقياس التشريحى
650 0 4 _aالبحث الجنائى
650 0 4 _aبصمات الاصابع
650 0 4 _aالبصمة
942 _2ddc
_cBK
999 _c56944
_d56944